Statistics for Countries with the longest bridges

Click here to take the quiz!

General Stats

  • This quiz has been taken 134 times
  • The average score is 14 of 20

Answer Stats

MetersCountry% Correct
164,800China
99%
38,442United States
99%
18,000France
94%
13,967Russia
92%
29,808India
90%
13,290Brazil
87%
12,900Canada
86%
12,000Germany
85%
7,845Sweden-Denmark
85%
12,700Indonesia
69%
18,384South Korea
67%
54,000Thailand
62%
16,000Vietnam
55%
24,000Malaysia
55%
25,000Saudi Arabia-Bahrain
53%
20,500Egypt
50%
17,185Portugal
43%
20,000Taiwan
40%
11,100Venezuela
38%
10,500Nigeria
25%

Score Distribution

Percentile by Number Answered

Percent of People with Each Score

Your Score History

You have not taken this quiz